Decision support systems <the> international journal

Saved in:
Bibliographic Details
Format: Serial
Language:English
Published: Amsterdam North-Holland 1990
Subjects:
Tags: Add Tag
No Tags, Be the first to tag this record!

MARC

LEADER 00000nas2a2200000 4500
001 s006845
005 20240109091343.1
022 |a 0167-9236 
041 0 |a eng 
044 |a NL 
245 1 0 |a Decision support systems  |b <the> international journal 
264 1 |a Amsterdam  |b North-Holland  |c 1990 
300 |a 1 zv. 
773 0 |w eu_un_cat*s120622 
610 2 0 |a využitie počítačov 
610 2 0 |a systémy podporné rozhodovacie 
610 2 0 |a riadenie 
610 2 0 |a rozhodovanie 
610 2 0 |a DSS